Λειτουργικά συστήματα : θεωρητική & πρακτική προσέγγιση

Αποθηκεύτηκε σε:
Λεπτομέρειες βιβλιογραφικής εγγραφής
Κύριος συγγραφέας: Γαρμπής, Αριστογιάννης
Μορφή: Βιβλίο
Γλώσσα:Greek
Δημοσίευση: Αθήνα : Πανεπιστημιακές εκδόσεις "Αράκυνθος", c2010.
Θέματα:
Ετικέτες: Προσθήκη ετικέτας
Δεν υπάρχουν, Καταχωρήστε ετικέτα πρώτοι!

MARC

LEADER 00000cam a2200000 a 4500
001 1/124767
008 220506t2010####gr | ||| |||| ||gre||
020 |a 9789608976894  |q (Μαλακό εξώφυλλο) 
040 |a GR-MyUa  |b gre  |c GR-MyUa  |e AACR2 
041 0 |a gre 
082 7 |a 005.43   |2 (23) 
100 1 |a Γαρμπής, Αριστογιάννης. 
245 1 0 |a Λειτουργικά συστήματα :   |b θεωρητική & πρακτική προσέγγιση /   |c Αριστογιάννης Γαρμπής.  
260 |a Αθήνα :   |b Πανεπιστημιακές εκδόσεις "Αράκυνθος",   |c c2010.  
300 |a 433 σ. :   |b εικ. ;   |c 27 εκ.  
500 |3 Linux, Unix, Εικονικές μηχανές.  
650 0 |a Operating systems (Computers) 
650 0 |a Linux device drivers (Computer programs) 
650 0 |a UNIX device drivers (Computer programs) 
852 |a INST  |b SAMOS  |h 005.43 ΓΑΡ  |p *  |t BK 
970 |a Γουβάλα  |b Βάσω  |z 6-5-2022